000 00395nam a22001451a 4500
082 _a781.69
_bPAN/K
100 _aPanchapakesa Iyer A S
245 _aKarnataka sangeetha sastra : theory of carnatic music/
_cby Panchapakesa Iyer A S
260 _aChennai:
_bKarnatic Music Book Centre,
_c2006.
300 _a98p.
650 _aMusic Carnatic
650 _aMusic
650 _aArts
942 _cBK
999 _c23025
_d23025